| 000 | 00461nam a2200181Ia 4500 | ||
|---|---|---|---|
| 005 | 20240913130057.0 | ||
| 008 | 240913s9999||||xx |||||||||||||| ||und|| | ||
| 041 | _aENGLISH | ||
| 082 | _A616.1 Q7 | ||
| 100 | _aFuster, Valentin | ||
| 245 | 0 | _aHurst's the Heart Volume: II | |
| 250 | _a14th | ||
| 260 |
_c2017 _bMcGraw Hill Educ |
||
| 500 | _aREFERENCE | ||
| 650 |
_aCardiac Care Technology _bAllied Health Science |
||
| 942 | _cREF | ||
| 999 |
_c246918 _d246918 |
||